| 000 | 00359nam a2200145Ia 4500 | ||
|---|---|---|---|
| 999 |
_c529207 _d529207 |
||
| 005 | 20190923101632.0 | ||
| 008 | 190125s9999 xx 000 0 und d | ||
| 040 | _cDLC | ||
| 082 | _a0 | ||
| 100 |
_aMian Muhammad Afzal _921054 |
||
| 245 | _aSakoot e Baghdad Say Sakoot e Dhaka Tak | ||
| 260 |
_aLahore _c2008 |
||
| 300 |
_a565p. : _c22cm |
||
| 942 |
_2ddc _cBK |
||